Most given feminine first names in each country of the European Union - Statistics

General Stats
  • This quiz has been taken 28 times
  • The average score is 13 of 27
Answers on the Map
Answers color-coded by a green-red scale on the quiz's map according to % correct below.
 
Answer Stats
Country Name % Correct
Slovenia E{ma}
92%
Luxembourg E{mma}
92%
Greece Μ{αρία} (M{aria})
81%
Hungary H{anna}
81%
Portugal M{aria}
81%
Romania M{aria}
81%
Bulgaria М{ария} (M{aria})
73%
Croatia M{ia}
65%
Estonia S{ofia}
65%
Italy S{ofia}
65%
Slovakia S{ofia}
65%
Germany S{ophia}
65%
Poland Z{ofia}
65%
Belgium O{livia}
54%
France L{ouise}
50%
Ireland G{race}
42%
Sweden E{lsa}
27%
Austria E{milia}
27%
Latvia E{milija}
27%
Denmark F{rida}
23%
Netherlands J{ulia}
23%
Lithuania A{melija}
15%
Spain L{ucía}
15%
Malta L{uċija}
15%
Finland A{ino}
12%
Czechia E{liška}
8%
Cyprus Α{ναστασία} (A{nastasia})
4%
No matching quizzes found
Score Distribution
Percent of People with Each Score
Percentile by Number Answered
Your Score History
You have not taken this quiz